000 00588cab a2200181 4500
001 L130365
008 050721n2005 000 0 eng u
035 _a(Sirsi) u130365
041 _aeng
100 _aHorton, Karl
245 2 _aA clean bill of health
260 _c2005
490 _aQS Week
_v20 July 2005, 14-15(2)
520 _aLooks at inflation and cost indices for health centre projects and provides benchmark figures for key elements. Tables and graphs. [Taken from journal abstract].
590 _aIKA020805
690 _aBUILT ENVIRONMENT-BUILDING COSTS
942 _n0
999 _c75579
_d75579